000 00535nam a22001937a 4500
999 _c3916
_d3873
008 190926b ||||| |||| 00| p eng d
020 _a9758059246
041 _atur
050 _aPL234.U987
100 _9317
_aUzunbay, Zeynep
245 _aYaşamaşk : Şiirler
_cDizi Editörü: Hüseyin Alemdar
250 _a1.Baskı
260 _aİstanbul:
_bHera Şiir Kitaplığı,
_cAralık 1998
300 _a61 Sayfa
500 _aŞiir ; 19
650 0 _9145
_aTürk Edebiyatı
700 _9459
_a Alemdar, Hüseyin
942 _2lcc
_cBK